000 00454nam a2200181Ia 4500
003 GCL
008 140319s9999 xx 000 0 eng d
040 _aGCL /
_cGCL
082 0 4 _a843
_bS J
100 1 _aSUSINI, MARIE
245 1 0 _aJE M'APPELLE ANNE LIVIA /
_cSUSINI, MARIE
260 _a[S.N] :
_bGALLIMARD
300 _a150 P
490 _aCOLLECTION FOLIO CLASSIQUE
_v0
650 0 4 _aLITERATURE
650 0 4 _aFRENCH LITERATURE
942 _2ddc
_cBK
999 _c21623
_d21623